000 01086nam a22003137a 4500
003 CHAP
005 20220329135925.0
008 971013s1982 r 00010 d
010 _a44186
011 _a45158
035 _a49297
040 _cCHAP
082 _a615.944
_bS3
100 0 0 _aSaiz Moreno, Laureano.
_9101231
245 _aHigiene de la alimentación
_b: aspectos bióticos y epidemiológicos, repercusiones sanitarias y económicas
260 _aBarcelona :
_bAedos,
_c1982
300 _a281 p.
490 _aEnciclopedia sistemática de los alimentos
_v; 01449
590 _aBATCH-UPD
_b10
_c20130110
_lUCH01
_h0023
590 _aBATCH-UPD
_b10
_c20130110
_lUCH01
_h1857
590 _aBATCH-UPD
_b10
_c20130409
_lUCH01
_h2003
590 _aBATCH-UPD
_b10
_c20130914
_lUCH01
_h0135
590 _aCONVERSION
_b10
_c20130109
_lUCH01
_h1324
650 1 4 _aAlimentos
_xHigiene.
_94224
830 0 _aEnciclopedia sistemática de los alimentos
_v; 01449
_936748
901 _aBK
942 _cLIBRO
949 _a615.944 S3
_bBC
_cLIBRO
_d33724000012787
_eLIBRO
_gI.123404
_h63453
_i49297
_si
999 _c44186
_d44186